000 00412 a2200181 4500
001 129960
022 _a1679-656X
040 _cLeonardo Da Vinci
041 _aInglês
082 _aCPA 2010
_b2010
245 _aCompass
260 _bPalazzo
_cOut. 1991
_aRoma
300 _a32
362 _a20100312
490 _aCompass
697 _aCartas
_aProgramação
_aDemocracia
_aProjetos
_aGhemat
942 _cCR
999 _c129960
_d129960